An Introduction to 3D Computer Graphics, Stereoscopic Image, and Animation in OenGL and C/C++ (Record no. 20240)
[ view plain ]
| 000 -LEADER | |
|---|---|
| fixed length control field | 00403nam a22001337a 4500 |
| 008 - FIXED-LENGTH DATA ELEMENTS--GENERAL INFORMATION | |
| fixed length control field | 230817b |||||||| |||| 00| 0 eng d |
| 020 ## - INTERNATIONAL STANDARD BOOK NUMBER | |
| International Standard Book Number | 978-1466488359 |
| 050 ## - LIBRARY OF CONGRESS CALL NUMBER | |
| Classification number | QA76.59 |
| Item number | .C63J86 2011 |
| 100 ## - MAIN ENTRY--PERSONAL NAME | |
| Personal name | June, Fore |
| 245 ## - TITLE STATEMENT | |
| Title | An Introduction to 3D Computer Graphics, Stereoscopic Image, and Animation in OenGL and C/C++ |
| Statement of responsibility, etc. | Fore June |
| 260 ## - PUBLICATION, DISTRIBUTION, ETC. (IMPRINT) | |
| Date of publication, distribution, etc. | 2011 |
| 300 ## - PHYSICAL DESCRIPTION | |
| Extent | xiv, 450p. |
| Other physical details | ill: |
| 942 ## - ADDED ENTRY ELEMENTS (KOHA) | |
| Source of classification or shelving scheme | Library of Congress Classification |
| Koha item type | General Collection |
| Withdrawn status | Lost status | Source of classification or shelving scheme | Not for loan | Home library | Current library | Date acquired | Cost, normal purchase price | Inventory number | Total Checkouts | Full call number | Barcode | Date last seen | Copy number | Price effective from | Koha item type |
|---|---|---|---|---|---|---|---|---|---|---|---|---|---|---|---|
| Library of Congress Classification | Kabarak, Main Campus | Kabarak, Main Campus | 17/08/2023 | 3577.00 | 1230/2020 | QA76.59 .C63J86 2011 C.1 | 030125 | 17/08/2023 | C.1 | 17/08/2023 | General Collection | ||||
| Library of Congress Classification | Kabarak, Main Campus | Kabarak, Main Campus | 17/08/2023 | 3577.00 | 1231/2020 | QA76.59 .C63J86 2011 C.2 | 030126 | 17/08/2023 | C.2 | 17/08/2023 | General Collection | ||||
| Library of Congress Classification | Kabarak, Main Campus | Kabarak, Main Campus | 17/08/2023 | 3577.00 | 1229/2020 | QA76.59 .C63J86 2011 C.3 | 030127 | 17/08/2023 | C.3 | 17/08/2023 | General Collection |